Story time / (Record no. 6700)
[ view plain ]
| 000 -LEADER | |
|---|---|
| fixed length control field | 00381cam a2200157ua 4500 |
| 041 ## - LANGUAGE CODE | |
| Language code of text/sound track or separate title | eng |
| 082 ## - DEWEY DECIMAL CLASSIFICATION NUMBER | |
| Classification number | 823.301 |
| Item number | LAR/ST |
| 100 ## - MAIN ENTRY--AUTHOR NAME | |
| Personal name | Larson, L J . |
| 245 00 - TITLE STATEMENT | |
| Title | Story time / |
| 250 ## - EDITION STATEMENT | |
| Edition statement | 3 / |
| 260 ## - PUBLICATION, DISTRIBUTION, ETC. (IMPRINT) | |
| Place of publication | Poona : |
| Name of publisher | Oriental Watchman Publishing House , |
| Year of publication | 1965. |
| 300 ## - PHYSICAL DESCRIPTION | |
| Number of Pages | 79 ; . |
| 942 ## - ADDED ENTRY ELEMENTS (KOHA) | |
| Koha item type | Books |
| Withdrawn status | Lost status | Damaged status | Home library | Current library | Date acquired | Full call number | Accession Number | Koha item type |
|---|---|---|---|---|---|---|---|---|
| KAUAET | KAUAET | 07/04/2012 | 823.301 | 12108 | Books | |||
| KAUAET | KAUAET | 13/11/2023 | 823.301 LAR/ST | 12110 | Books |
